Out line of hindi grammer / (Record no. 127769)

MARC details
000 -LEADER
fixed length control field 00651nam a22002297a 4500
005 - DATE AND TIME OF LATEST TRANSACTION
control field 20170124110030.0
010 ## - LIBRARY OF CONGRESS CONTROL NUMBER
LC control number B-011684
020 ## - INTERNATIONAL STANDARD BOOK NUMBER
Terms of availability 00.00
035 ## - SYSTEM CONTROL NUMBER
System control number B-011684
037 ## - SOURCE OF ACQUISITION
Source of stock number/acquisition Cen Lib/Ret
040 ## - CATALOGING SOURCE
Original cataloging agency DPL
Language of cataloging EN
082 ## - DEWEY DECIMAL CLASSIFICATION NUMBER
Classification number 425
Item number MCG
100 ## - MAIN ENTRY--PERSONAL NAME
Personal name Mcgregor, R.S.
9 (RLIN) 21491
245 ## - TITLE STATEMENT
Title Out line of hindi grammer /
Statement of responsibility, etc by R.S.Mcgregor
260 ## - PUBLICATION, DISTRIBUTION, ETC. (IMPRINT)
Place of publication, distribution, etc New Delhi
Name of publisher, distributor, etc Oxford university press
Date of publication, distribution, etc 1995
270 ## - ADDRESS
Address YMCA Library building Jai Singh Road
City New Delhi
Postal code 110001
300 ## - PHYSICAL DESCRIPTION
Extent xIii,292p.
Dimensions 20cm(Hb)
650 ## - SUBJECT ADDED ENTRY--TOPICAL TERM
Topical term or geographic name as entry element Linguistics
9 (RLIN) 21492
650 ## - SUBJECT ADDED ENTRY--TOPICAL TERM
Topical term or geographic name as entry element Hindi Language
9 (RLIN) 9446
700 ## - ADDED ENTRY--PERSONAL NAME
9 (RLIN) 20986
942 ## - ADDED ENTRY ELEMENTS (KOHA)
Source of classification or shelving scheme Dewey Decimal Classification
Koha item type English Books
Classification part 425
Call number suffix MCG
Holdings
Withdrawn status Lost status Damaged status Not for loan Home library Current library Date acquired Source of acquisition Cost, normal purchase price Total Checkouts Full call number Barcode Date last seen Date checked out Copy number Cost, replacement price Price effective from Koha item type
        Central Library Central Library 30/06/2015 Cen Lib/Ret 0.00 4 425 MCG B-011684 27/01/2019 15/01/2019 1 0.00 30/06/2015 English Books

© Delhi Public Library
Hit Counter
free hit counter